| 000 | 00875nam a2200253 i 4500 | ||
|---|---|---|---|
| 001 | 182818 | ||
| 003 | ES-MaACL | ||
| 005 | 20230906221723.0 | ||
| 008 | 131106s1986 sp a |||| | spa d | ||
| 020 | _a84-7498-268-5 | ||
| 080 | _a636.084 | ||
| 080 | _a633.2 | ||
| 245 | 0 | 0 |
_aMetodología para la determinación de la carga ganadera de pastos extensivos / _cM. Martín Bellido ... [et al.]. |
| 260 |
_aMadrid : _bInstituto Nacional de Investigaciones Agrarias, _c1986. |
||
| 300 |
_a37 p. ; _c24 cm. |
||
| 490 | 1 |
_aMonografías I.N.I.A. ; _v57 |
|
| 650 | 0 | 4 |
_aAnimales- _xAlimentación. _99829 |
| 650 | 4 |
_aPrados. _9153789 |
|
| 700 | 1 |
_aMartín Bellido, Manuel. _9153790 |
|
| 710 | 2 |
_aInstituto Nacional de Investigaciones Agrarias (España) _95168 |
|
| 830 | 0 |
_aMonografías I.N.I.A. ; _v57 _9177538 |
|
| 852 |
_aES-MaACL _j2329-F-30 |
||
| 999 |
_c182818 _d182818 |
||